=LDR 00000nam 2200000 4500 =001 INLIS000000000055611 =005 20200619091021 =035 ##$$a 0010-0620000051 =007 ta =008 200619################g##########0#ind## =082 ##$$a 2x4.121 =084 ##$$a 2x4.121 SYA j =100 1#$$a Syakir, Balukin =245 1#$$a Jumat dan permasalahannya /$c K.H.U. Balukia Syakir =250 ##$$a cet.1 =260 ##$$a Bandung :$b Sinar Baru,$c 1991 =300 ##$$a viii, 86 ; $c 11x15 cm =600 #4$$a Jumat =990 ##$$a 1199700726